| 000 | 00751nam a2200193Ii 4500 | ||
|---|---|---|---|
| 003 | JO-AjNU | ||
| 008 | 230605s9999||||xx |||||||||||||| ||und|| | ||
| 040 |
_aJO-AjNU _bara _erda _cJO-AjNU |
||
| 041 | _aara | ||
| 050 | 1 | 4 | _aDS38.6.M55 |
| 100 | 3 |
_aمسكويه، ابي علي احمد بن محمد؛ تصحيح ه.ف آمدرور, _eauthor _958998 |
|
| 245 | 0 | 0 | _aكتاب تجارب الأمم مع نخب من تواريخ شتى تتعلق بالامور المذكورة فيه، ج1 |
| 264 | 3 | 1 | _aالقاهرة: دار الكتاب الاسلامي |
| 300 | _aج1: 420ص | ||
| 336 |
_atext _btxt _2rdacontent |
||
| 337 |
_aunmediated _bn _2rdamedia |
||
| 338 |
_avolume _bnc _2rdacarrier |
||
| 650 | 4 |
_aالتاريخ الاسلامي _958999 |
|
| 999 |
_aA26527 _c30095 _d30095 |
||